000 00379nam a2200157Ia 4500
005 20240807062048.0
008 240806s9999||||xx |||||||||||||| ||eng||
041 _aeng
082 _a891.4311
_bKHUA
100 _aGopichandr Arang
245 0 _aAmeer khusharo ka hindavi kavya /
_cGopichandr Arang
260 _bVani Prakashan
300 _a140
650 _aHindi
942 _cBK
999 _c7223
_d7223